MARC

LEADER 00000nam a2200000Ia 4500
001 22393
003 BGR
005 20260410113709.0
008 160829s1911 xx 000 0 cat d
080 |a RF-13-60 
245 |a [Documents relacionats amb l'Exposició Internacional d'Higiene celebrada a Dresde] 
260 |a [Madrid :  |b s. n.],  |c 1911 
300 |a 1 plec de f. ;  |c 30 cm 
590 |a Celebrada durant els mesos de maig i octubre de 1911 a Dresde (estat federal de Sajonia, Alemanya).  
590 |a Conté: 4 exemplars de: 'Extracto del programa general de la Exposición Internacional de Higiene que ha de celebrarse en Dresde', de Ángel Pulido y César Chicote (inclou el plànol de l'exposoció). Motius de l'Exposició. Declaració dels objectes que contindran les capses dels expositors. 'Reglamento concerniente a la sección científica' i la petició per a exposar en ella. 'Reglamento concerniente a la parte industrial' i la petició per a exposar en ella. 'Instrucciones para la expedición, pago de derechos, entrega, etc., de los objetos destinados a ser expuestos en el Pabellón de España de la Exposición'. 'Indicaciones relacionadas con los envíos'. Certificat de transport i emmagatzematge dels productes.  
590 |a Prové de 2276 
610 0 |a Exposición Internacional de Higiene   |9 70867 
611 0 |a Exposició Internacional d'Higiene   |9 70868  |c (Dresde :  |d 1911)  |x Reglaments i procediment  
650 |a Higiene  |x Congressos  |9 48108 
711 |a Exposició Internacional d'Higiene   |9 70868  |c (Dresde :  |d 1911) 
856 4 |u https://media.diba.cat/diba/fitxers/arxiu/fulletons/bib_22393_1911_baixa.pdf  |y Accés lliure 
856 4 |u https://media.diba.cat/diba/fitxers/arxiu/fulletons/bib_22393_1911_baixa.pdf  |y Accés lliure 
900 |a bib_22393_1911_baixa.pdf 
901 |a Arxiu 
942 |n 1  |2 udc  |c MON 
952 |0 0  |1 0  |4 0  |6 RF1360  |7 1  |9 54160  |a Arxiu  |b Arxiu  |d 2016-12-01  |l 0  |o RF-13-60  |p 22393  |r 2016-12-01 00:00:00  |w 2016-12-01  |y ARXIU 
999 |c 58029  |d 58029